[Event "Russian Championship G13 1st league 2016"]
[Site "Loo"]
[Date "2016.04.22"]
[Round "3.20"]
[White "Lobanova, Milana"]
[Black "Surkova, Ekaterina"]
[Result "1-0"]
[WhiteElo "1316"]
[BlackElo "1482"]
[PlyCount "85"]
[EventDate "2016.04.20"]

1. Nf3 f5 2. d4 Nf6 3. c4 e6 4. g3 d6 5. Bg2 g6 6. O-O Bg7 7. Nc3 O-O 8. Bg5
Qe8 9. Nb5 Qf7 10. Bxf6 Bxf6 11. Rc1 a6 12. Nc3 Nd7 13. e4 Bg7 14. exf5 exf5
15. Nd5 Nb6 16. Nxb6 cxb6 17. Qb3 b5 18. Qb4 Qd7 19. b3 f4 20. d5 Bh6 21. Rce1
bxc4 22. bxc4 Qc7 23. Nd4 Qd7 24. Re6 fxg3 25. hxg3 Qg7 26. Re4 Qd7 27. Ne6 Rf6
28. Qb6 Rf7 29. Rfe1 Re7 30. Bh3 a5 31. Qb1 Qa4 32. Nc5 dxc5 33. Bxc8 Rxe4 34.
Qxe4 Rxc8 35. Qe6+ Kg7 36. Qxc8 Bg5 37. Qxb7+ Kh6 38. d6 Bd2 39. Qh1+ Kg7 40.
Re7+ Kf6 41. Qf3+ Kg5 42. Qd5+ Kg4 43. Re4+ 1-0

[Event "Russian Championship G13 1st league 2016"]
[Site "Loo"]
[Date "2016.04.22"]
[Round "3.21"]
[White "Silchenko, Karina"]
[Black "Belova, Ksenia"]
[Result "1-0"]
[WhiteElo "1310"]
[BlackElo "1474"]
[PlyCount "101"]
[EventDate "2016.04.20"]

1. e4 c5 2. Nf3 Nc6 3. d4 cxd4 4. Nxd4 g6 5. Nc3 Bg7 6. Be3 Nf6 7. Nxc6 bxc6 8.
e5 Ng4 9. Bd4 Qa5 10. e6 f6 11. exd7+ Bxd7 12. Bc4 Nh6 13. Qd2 Qb4 14. Bb3 c5
15. a3 Qa5 16. Be3 Nf5 17. O-O-O Rd8 18. Ne4 Qxd2+ 19. Rxd2 Nxe3 20. fxe3 Rc8
21. Rhd1 c4 22. Rxd7 cxb3 23. Nc3 bxc2 24. Kxc2 Bh6 25. Rxa7 Bxe3 26. Rdd7 Bxa7
27. Rxa7 Kf7 28. a4 h5 29. b4 Ra8 30. Rxa8 Rxa8 31. a5 g5 32. Kb3 f5 33. Ka4 g4
34. b5 f4 35. b6 f3 36. gxf3 gxf3 37. Ne4 Rd8 38. Ng5+ Kg6 39. Nxf3 Rd1 40. b7
Ra1+ 41. Kb5 Rb1+ 42. Ka6 Rb3 43. Ka7 Rxf3 44. b8=Q Rf7 45. Qg3+ Kh6 46. h4 e5+
47. Kb6 Rf6+ 48. Kb5 Rg6 49. Qe3+ Kh7 50. Qxe5 Kh6 51. Qh8# 1-0

[Event "Russian Championship G13 1st league 2016"]
[Site "Loo"]
[Date "2016.04.22"]
[Round "3.22"]
[White "Lashkova, Ekaterina"]
[Black "Volkova, Alina"]
[Result "0-1"]
[WhiteElo "1302"]
[BlackElo "1469"]
[PlyCount "130"]
[EventDate "2016.04.20"]

1. e4 e6 2. d4 d5 3. e5 c5 4. c3 Qb6 5. Nf3 Nc6 6. a3 Bd7 7. b4 cxd4 8. cxd4
Rc8 9. Bb2 Nge7 10. Bd3 Na5 11. Ra2 Nc4 12. Ba1 Ng6 13. g3 Qa6 14. Bc3 Qb6 15.
Nbd2 Ncxe5 16. Nxe5 Nxe5 17. dxe5 Rxc3 18. Be2 Qc7 19. O-O Qxe5 20. Re1 Qc7 21.
Nb1 Rc6 22. Bb5 Rd6 23. Rc2 Bc6 24. Nc3 Be7 25. Ne2 Qb6 26. Bxc6+ Rxc6 27. Nf4
Rxc2 28. Qxc2 Qc6 29. Qd2 Qd6 30. Qd4 O-O 31. Qxa7 g5 32. Ne2 Qa6 33. Qe3 Ra8
34. Nc3 Qxa3 35. Nxd5 Qxe3 36. Rxe3 Bd6 37. Nf6+ Kg7 38. Ne4 Be7 39. Rd3 Rd8
40. Rc3 Rd4 41. f3 f5 42. Nc5 Rxb4 43. Nxe6+ Kf6 44. Nc7 Rb1+ 45. Kg2 Bb4 46.
Nd5+ Ke5 47. Nxb4 Rxb4 48. Rc5+ Kf6 49. Rc7 h6 50. Rc2 Rb6 51. g4 f4 52. Re2
Re6 53. Kf2 Rxe2+ 54. Kxe2 Ke5 55. Kd3 Kd5 56. Kc3 b5 57. Kb3 Kd4 58. Kb4 Ke3
59. Kxb5 Kxf3 60. h3 Kg3 61. Kc4 Kxh3 62. Kd3 Kxg4 63. Ke2 f3+ 64. Kf2 Kf4 65.
Ke1 Ke3 0-1

[Event "Russian Championship G13 1st league 2016"]
[Site "Loo"]
[Date "2016.04.22"]
[Round "3.23"]
[White "Ivanova, Anastasia"]
[Black "Starostina, Alexandra"]
[Result "1-0"]
[WhiteElo "1460"]
[BlackElo "1345"]
[PlyCount "71"]
[EventDate "2016.04.20"]

1. d4 d5 2. c4 e6 3. Nc3 Nf6 4. Bg5 Be7 5. Nf3 c6 6. e3 Nbd7 7. Bd3 h6 8. Bh4
O-O 9. O-O Qc7 10. cxd5 exd5 11. Rc1 Qb6 12. b3 Re8 13. Bb1 Bf8 14. Qc2 g6 15.
Ne5 Nxe5 16. dxe5 Ng4 17. Na4 Qa5 18. Qe2 Nxe5 19. f4 Nd7 20. f5 g5 21. Bxg5
hxg5 22. Qh5 Nf6 23. Qxg5+ Bg7 24. Rf3 Qd2 25. Rcf1 Kf8 26. Rg3 Bh8 27. Qf4 Re7
28. Qh6+ Ke8 29. Qxh8+ Kd7 30. Qxf6 b6 31. Qc3 Qe2 32. Qd3 Qh5 33. f6 Re8 34.
Qf5+ Qxf5 35. Bxf5+ Kd8 36. Bxc8 1-0

[Event "Russian Championship G13 1st league 2016"]
[Site "Loo"]
[Date "2016.04.22"]
[Round "3.24"]
[White "Spiridonova, Maria"]
[Black "Sych, Alina"]
[Result "1-0"]
[WhiteElo "1275"]
[BlackElo "1442"]
[PlyCount "107"]
[EventDate "2016.04.20"]

1. e4 c5 2. c3 d5 3. exd5 Qxd5 4. d4 Nf6 5. Nf3 e6 6. Na3 Nc6 7. Nc2 Be7 8. Be2
O-O 9. O-O b6 10. Bf4 Bb7 11. Ne3 Qd8 12. h3 cxd4 13. Nxd4 Nxd4 14. Qxd4 Qxd4
15. cxd4 Rfd8 16. Rfd1 Rac8 17. Rd2 Rd7 18. Rad1 Ne4 19. Rc2 Rxc2 20. Nxc2 g5
21. Bh2 Nf6 22. Ne1 Nd5 23. Nf3 Nf4 24. Bc4 Bxf3 25. gxf3 Nxh3+ 26. Kf1 Bf6 27.
Bb8 Rxd4 28. Rxd4 Bxd4 29. Bxa7 Bxf2 30. Kg2 Bd4 31. Kxh3 Bxb2 32. Bxb6 Ba3 33.
Kg4 h6 34. Kh5 Kg7 35. Bd4+ e5 36. Bxe5+ f6 37. Bd4 Be7 38. a4 Bd8 39. Bc3 Bb6
40. Bd3 Ba7 41. a5 Be3 42. a6 Ba7 43. Bb4 Kf7 44. Kxh6 Ke6 45. Kg6 Ke5 46. Bc3+
Kf4 47. Bxf6 Kxf3 48. Bxg5 Bb6 49. Kf6 Kg4 50. Bc1 Kf3 51. Ke6 Kf2 52. Kd7 Ba7
53. Kc6 Bd4 54. Ba3 1-0

[Event "Russian Championship G13 1st league 2016"]
[Site "Loo"]
[Date "2016.04.22"]
[Round "3.27"]
[White "Baneva, Darina"]
[Black "Shamsutdinova, Karina"]
[Result "1/2-1/2"]
[WhiteElo "1255"]
[BlackElo "1437"]
[PlyCount "213"]
[EventDate "2016.04.20"]

1. e4 c5 2. Nf3 e6 3. c3 Nf6 4. e5 Nd5 5. d4 cxd4 6. cxd4 d6 7. Bb5+ Bd7 8. Bc4
Nc6 9. O-O Be7 10. exd6 Bxd6 11. Bxd5 exd5 12. Nc3 Be6 13. Ng5 Qf6 14. Nxe6
fxe6 15. Be3 O-O 16. Rc1 Qf7 17. a3 Rad8 18. Na4 h6 19. Nc5 e5 20. Nb3 exd4 21.
Nxd4 Nxd4 22. Bxd4 Bb8 23. Qd3 Rc8 24. Be3 Rfd8 25. Rxc8 Rxc8 26. Re1 Rd8 27.
Rc1 Qf6 28. Qd4 Qe7 29. Rc5 Be5 30. Qa4 d4 31. Qc4+ Kh8 32. Bd2 d3 33. b4 Bd4
34. Rd5 Rxd5 35. Qxd5 Qf6 36. Qf3 Qd6 37. Qe4 Qd7 38. Qf3 Bf6 39. Qe4 Bg5 40.
f4 Bf6 41. Kh1 Qa4 42. h3 a5 43. Qe3 axb4 44. axb4 Qb5 45. Kh2 Qc4 46. Qe8+ Kh7
47. Qe3 Qd5 48. Qf3 Qd7 49. Qe3 Bd4 50. Qf3 Bb6 51. Qg4 Qd5 52. Qf3 Qd4 53. Qf1
Bc7 54. Qf3 Bd6 55. Qf1 Kh8 56. Qf3 Bxb4 57. Bxb4 Qxb4 58. Qxd3 Qxf4+ 59. g3
Qb8 60. Qb3 b5 61. Qb4 Qe8 62. Qc3 Qf8 63. Qb3 b4 64. h4 Qc5 65. Qd3 Qc3 66.
Qf5 Qd2+ 67. Kh3 Qd8 68. Qb5 Qc8+ 69. g4 Qc3+ 70. Kh2 Qd2+ 71. Kh3 Qe3+ 72. Kh2
b3 73. Qc4 Qf2+ 74. Kh3 b2 75. Qd3 Qe1 76. Qd8+ Kh7 77. Qd3+ Kg8 78. Qb3+ Kh7
79. Qxb2 Qe3+ 80. Kh2 Qf4+ 81. Kh3 Qf3+ 82. Kh2 Qxg4 83. Qf2 Qe6 84. Qg3 Qe2+
85. Qg2 Qxg2+ 86. Kxg2 h5 87. Kg3 Kg6 88. Kf4 Kf6 89. Ke4 Ke6 90. Kf4 Kf6 91.
Ke4 Ke6 92. Kf4 g6 93. Ke4 Kf6 94. Kf4 Kg7 95. Kg5 Kh7 96. Kf4 Kh6 97. Kg3 Kg7
98. Kf4 Kf6 99. Ke4 Kg7 100. Kf4 Kf6 101. Ke4 g5 102. hxg5+ Kxg5 103. Kf3 h4
104. Kg2 Kg4 105. Kh2 h3 106. Kh1 h2 107. Kxh2 1/2-1/2

[Event "Russian Championship G13 1st league 2016"]
[Site "Loo"]
[Date "2016.04.22"]
[Round "3.28"]
[White "Kovtun, Tatyana"]
[Black "Shadrukhina, Yuliya"]
[Result "1-0"]
[WhiteElo "1419"]
[BlackElo "1086"]
[PlyCount "132"]
[EventDate "2016.04.20"]

1. e4 d5 2. exd5 Qxd5 3. Nc3 Qa5 4. d4 Nf6 5. Nf3 Bg4 6. h3 Bxf3 7. Qxf3 c6 8.
Bd2 Nbd7 9. O-O-O e6 10. Bd3 Qc7 11. g3 Bd6 12. Qg2 O-O 13. h4 a6 14. h5 Rfc8
15. g4 Bf4 16. g5 Bxd2+ 17. Rxd2 Nd5 18. Nxd5 cxd5 19. Qf3 Rf8 20. g6 fxg6 21.
Qg4 e5 22. Qe6+ Kh8 23. Bxg6 Rf6 24. Qxd5 Qc6 25. Qxc6 bxc6 26. Be4 Rc8 27.
dxe5 Nxe5 28. Rhd1 Rff8 29. b3 Ng4 30. f3 Nf6 31. Rh2 Nxe4 32. fxe4 Rce8 33.
Re2 Re5 34. Rd6 Rc8 35. h6 gxh6 36. Rxh6 Kg7 37. Reh2 Rxe4 38. Rxh7+ Kf6 39.
Ra7 Rd8 40. Rxa6 Rd6 41. Rxc6 Re1+ 42. Kb2 Rxc6 43. Rh6+ Ke7 44. Rxc6 Kd7 45.
Rc4 Re2 46. a4 Re6 47. a5 Ra6 48. b4 Kd6 49. Rc5 Kd7 50. c4 Kd6 51. Ka3 Kd7 52.
Ka4 Kd6 53. Kb5 Ra8 54. a6 Ra7 55. Kb6 Ra8 56. Rc6+ Kd7 57. b5 Rb8+ 58. Ka7 Re8
59. Kb7 Ke7 60. Rc8 Rxc8 61. Kxc8 Kd6 62. a7 Kc5 63. b6 Kxb6 64. c5+ Kxa7 65.
c6 Kb6 66. c7 Ka7 1-0

[Event "Russian Championship G13 1st league 2016"]
[Site "Loo"]
[Date "2016.04.22"]
[Round "3.29"]
[White "Tokmakova, Ulyana"]
[Black "Nikonorova, Melaniya"]
[Result "1/2-1/2"]
[WhiteElo "1175"]
[BlackElo "1419"]
[PlyCount "116"]
[EventDate "2016.04.20"]

1. Nf3 c5 2. b3 d5 3. Bb2 Nf6 4. h3 e6 5. e3 Be7 6. Bb5+ Bd7 7. Bxd7+ Qxd7 8.
Ne5 Qc7 9. d3 O-O 10. O-O Bd6 11. f4 Nc6 12. Nxc6 Qxc6 13. Qf3 Be7 14. f5 exf5
15. Qxf5 Rad8 16. Nd2 Rfe8 17. Nf3 h6 18. Ne5 Qc7 19. Ng4 Qc6 20. Bxf6 Bxf6 21.
Nxf6+ Qxf6 22. Qxf6 gxf6 23. Rxf6 Rxe3 24. Rxh6 Re2 25. Rc1 Rd2 26. Rf6 Re2 27.
Rf2 Re5 28. Kf1 Rde8 29. g4 Re3 30. Kg2 b5 31. Rcf1 R8e7 32. Rf5 Re2+ 33. R1f2
R2e5 34. Rf6 R5e6 35. R6f4 Ra6 36. a4 bxa4 37. Rxa4 Rc6 38. h4 Rec7 39. Rf5 Rd7
40. g5 Re6 41. h5 Re2+ 42. Rf2 Re5 43. Rg4 a5 44. Rd2 Rc7 45. Kh3 Rce7 46. Kh4
Re2 47. Rg2 Rxd2 48. Rxd2 Rc7 49. h6 c4 50. dxc4 dxc4 51. Rd5 cxb3 52. cxb3 Rc3
53. Rb5 Rd3 54. Kg4 Rd4+ 55. Kf5 a4 56. bxa4 Rxa4 57. Rb6 Kh7 58. Kf6 Rf4+
1/2-1/2

[Event "Russian Championship G13 1st league 2016"]
[Site "Loo"]
[Date "2016.04.22"]
[Round "3.31"]
[White "Sidorova, Alyona"]
[Black "Abrarova, Rimma"]
[Result "1-0"]
[WhiteElo "1375"]
[BlackElo "1529"]
[PlyCount "119"]
[EventDate "2016.04.20"]

1. d4 d5 2. c4 e5 3. dxe5 d4 4. Nf3 Nc6 5. e3 Bb4+ 6. Bd2 dxe3 7. fxe3 Bc5 8.
Be2 Nge7 9. O-O Ng6 10. Qc2 O-O 11. a3 Ncxe5 12. Nxe5 Nxe5 13. b4 Be7 14. Bc3
Ng4 15. Bxg4 Bxg4 16. Qe4 Be6 17. Qe5 Bf6 18. Qe4 Bxc3 19. Nxc3 c6 20. Rad1 Qg5
21. Rf3 Rfe8 22. Rg3 Qf6 23. Ne2 Rad8 24. Rf1 Qb2 25. Nf4 Bg4 26. Qb1 Qxb1 27.
Rxb1 Bf5 28. Rb2 Rd1+ 29. Kf2 Red8 30. Rg5 Be4 31. Re5 f5 32. Re7 g5 33. Ne2
Bd3 34. c5 Ba6 35. Nd4 f4 36. b5 cxb5 37. Ke2 Rc1 38. Nxb5 Rxc5 39. a4 Rc4 40.
Re5 h6 41. Ra2 b6 42. exf4 Rxf4 43. Ke3 Rf7 44. Rc2 Bc8 45. Rc6 Kg7 46. Nd4 Kh7
47. g3 Bb7 48. Rce6 Rdd7 49. Nf5 Rc7 50. Rxh6+ Kg8 51. g4 Rc3+ 52. Kd2 Rc4 53.
Ree6 Rd7+ 54. Ke3 Rc3+ 55. Kf2 Rd2+ 56. Ke1 Rb2 57. Re8+ Kf7 58. Re7+ Kg8 59.
Rg7+ Kf8 60. Rh8# 1-0

[Event "Russian Championship G13 1st league 2016"]
[Site "Loo"]
[Date "2016.04.22"]
[Round "3.32"]
[White "Mikhailina, Elena"]
[Black "Ganzhina, Maria"]
[Result "1-0"]
[WhiteElo "1529"]
[BlackElo "1356"]
[PlyCount "101"]
[EventDate "2016.04.20"]

1. e4 e6 2. d4 d5 3. Nc3 dxe4 4. Nxe4 Nd7 5. Bd3 Ngf6 6. Qe2 Be7 7. Nf3 O-O 8.
Bd2 b6 9. Neg5 Bb7 10. O-O-O c5 11. Be3 Rc8 12. Rhg1 Bd6 13. h3 h6 14. dxc5
bxc5 15. Nxe6 fxe6 16. Bxh6 gxh6 17. Qxe6+ Kh8 18. Qxd6 Qc7 19. Qxc7 Rxc7 20.
Nh4 Kg7 21. Nf5+ Kh8 22. Nxh6 Ne5 23. Be2 Nd5 24. f3 Nf4 25. Bf1 Kh7 26. Ng4
Nxg4 27. hxg4 Rcc8 28. Rd7+ Kg6 29. Rxb7 Rcd8 30. Rxa7 Rfe8 31. Bb5 Re5 32. Ra4
Nxg2 33. Bd3+ Kg5 34. Rxg2 c4 35. Rxc4 Re1+ 36. Kd2 Rb1 37. f4+ Kf6 38. g5+ Kg7
39. b3 Ra1 40. a4 Ra2 41. f5 Rg8 42. f6+ Kf7 43. Rc7+ Ke8 44. Rc8+ Kd7 45. Rxg8
Ra1 46. f7 Rd1+ 47. Kxd1 Ke6 48. f8=Q Kd7 49. Rg6 Kc7 50. Qf7+ Kd8 51. Rg8# 1-0

[Event "Russian Championship G13 1st league 2016"]
[Site "Loo"]
[Date "2016.04.22"]
[Round "3.33"]
[White "Pavlosiuk, Vlada"]
[Black "Oreshkina, Natalia"]
[Result "1-0"]
[WhiteElo "1318"]
[BlackElo "1513"]
[PlyCount "89"]
[EventDate "2016.04.20"]

1. e4 e5 2. Nf3 Nc6 3. Nc3 g6 4. d4 exd4 5. Nxd4 Bg7 6. Be3 Nf6 7. Nxc6 bxc6 8.
e5 Ng8 9. Bd4 Qe7 10. Qe2 Nh6 11. O-O-O O-O 12. f4 Re8 13. g4 Qb4 14. h3 d5 15.
Qf2 a5 16. Bc5 Qb7 17. Bd3 Bd7 18. Na4 Qc8 19. Nc3 Qd8 20. Ne2 Qc8 21. Ng3 Qb7
22. Qd2 Reb8 23. Qc3 Bf8 24. Bxf8 Kxf8 25. g5 Ng8 26. h4 Qb6 27. Rdf1 Qe3+ 28.
Qd2 Qxg3 29. Be2 Bh3 30. Rf3 Qg4 31. Rfxh3 Qc8 32. h5 Rb6 33. Rb3 Qe6 34. Rhh3
Kg7 35. h6+ Kh8 36. Qd4 Ne7 37. Rhc3 Nc8 38. Qc5 Na7 39. Rxb6 cxb6 40. Qxb6 Qc8
41. a3 Kg8 42. Ba6 Qe8 43. Bb7 Qb8 44. Rb3 Nc8 45. Qd8# 1-0

[Event "Russian Championship G13 1st league 2016"]
[Site "Loo"]
[Date "2016.04.22"]
[Round "3.34"]
[White "Senkovskaya, Irina"]
[Black "Kudrevatykh, Anastasia"]
[Result "0-1"]
[WhiteElo "1293"]
[BlackElo "1396"]
[PlyCount "144"]
[EventDate "2016.04.20"]

1. e4 c5 2. Nf3 g6 3. d4 cxd4 4. Nxd4 Bg7 5. c4 d6 6. Be2 Nf6 7. Nc3 Qb6 8. Nf3
Ng4 9. O-O O-O 10. Nd5 Qd8 11. Rb1 e6 12. Nc3 Qb6 13. Bf4 e5 14. Nd5 Qd8 15.
Bg5 f6 16. Bd2 Be6 17. Bb4 Nc6 18. Bxd6 Rf7 19. Bc5 b6 20. Ba3 Rd7 21. b3 f5
22. exf5 Bxf5 23. Rc1 Bh6 24. Nd2 Nf6 25. Nxf6+ Qxf6 26. Ne4 Qd8 27. Qc2 Bxc1
28. Rxc1 Nd4 29. Qd3 Nxe2+ 30. Qxe2 Bxe4 31. h3 Bf5 32. Qxe5 Qe8 33. Qf6 Qf7
34. Qc3 Rd3 35. Qb2 Qg7 36. Qe2 Qd4 37. Re1 Rd2 38. Qe3 Qxe3 39. Rxe3 Rxa2 40.
Bd6 Rd8 41. Bf4 Rd1+ 42. Kh2 Kf7 43. Bg3 Rd3 44. Rxd3 Bxd3 45. Bd6 Rb2 46. b4
Bxc4 47. Kg3 Ke6 48. Bb8 Rxb4 49. Bxa7 b5 50. Bc5 Rb1 51. Bd4 b4 52. Bh8 b3 53.
Bd4 b2 54. Bxb2 Rxb2 55. Kf3 Bd5+ 56. Kg3 Kf5 57. h4 g5 58. hxg5 Kxg5 59. f4+
Kh5 60. f5 Rxg2+ 61. Kh3 Rg8 62. f6 Rg4 63. f7 Bxf7 64. Kh2 Kg5 65. Kh3 Kf4 66.
Kh2 Kf3 67. Kh3 Rg6 68. Kh4 Rg4+ 69. Kh3 h5 70. Kh2 Kf2 71. Kh3 Be6 72. Kh2
Rh4# 0-1

[Event "Russian Championship G13 1st league 2016"]
[Site "Loo"]
[Date "2016.04.22"]
[Round "3.35"]
[White "Timofeeva, Juliya"]
[Black "Makarenko, Elizaveta"]
[Result "1/2-1/2"]
[WhiteElo "1393"]
[BlackElo "1226"]
[PlyCount "90"]
[EventDate "2016.04.20"]

1. e4 c5 2. c3 d5 3. exd5 Qxd5 4. d4 cxd4 5. cxd4 Nc6 6. Nf3 Nf6 7. Nc3 Qd8 8.
Bb5 Bd7 9. O-O e6 10. Bg5 Be7 11. Rc1 O-O 12. Ne5 Rc8 13. Qd3 Nb4 14. Qf3 Bxb5
15. Nxb5 Rxc1 16. Rxc1 a6 17. Nc3 Qxd4 18. Bf4 Nbd5 19. Nxd5 Nxd5 20. Nd7 Qxf4
21. Qxf4 Nxf4 22. Rc7 Nd5 23. Rxb7 Rc8 24. g3 f6 25. Nb6 Nxb6 26. Rxb6 Rc2 27.
Rxe6 Bc5 28. Rxa6 Rxf2 29. Rc6 Rc2+ 30. Kf1 Rc1+ 31. Ke2 Be3 32. Rxc1 Bxc1 33.
b4 Kf7 34. Kd3 Ke7 35. Kc4 Kd6 36. Kb5 Kc7 37. a4 Kb7 38. Kc5 h5 39. Kd5 g5 40.
Ke6 Bb2 41. Kf5 Bc3 42. h4 gxh4 43. gxh4 Bxb4 44. Kxf6 Bc3+ 45. Kg5 Ka6 1/2-1/2

[Event "Russian Championship G13 1st league 2016"]
[Site "Loo"]
[Date "2016.04.22"]
[Round "3.37"]
[White "Kulagina, Karina"]
[Black "Breus, Anastasia"]
[Result "1-0"]
[WhiteElo "1244"]
[BlackElo "1403"]
[PlyCount "149"]
[EventDate "2016.04.20"]

1. e4 e5 2. Nf3 Nc6 3. Bc4 Be7 4. Nc3 Nf6 5. d3 O-O 6. Be3 d6 7. h3 Bd7 8. O-O
Re8 9. Qd2 a6 10. a4 Qc8 11. Rfe1 Be6 12. Bxe6 Qxe6 13. d4 exd4 14. Bxd4 Qc4
15. Qd3 Qb4 16. Ra3 Nxd4 17. Nxd4 Qc5 18. Rb3 Rab8 19. Nf3 Qc6 20. Nd4 Qc5 21.
Re3 Nd7 22. Nf5 Bf6 23. Qd5 Bg5 24. Rg3 Bf6 25. Nh6+ Kh8 26. Nxf7+ Kg8 27. Ng5+
Qxd5 28. Nxd5 c6 29. Nb6 Nxb6 30. Rxb6 Bxg5 31. Rxg5 Rxe4 32. Rg4 Rxg4 33. hxg4
Kf7 34. Kf1 Ke7 35. Ke2 Kd7 36. Kd3 Kc7 37. a5 Re8 38. Rb4 Re5 39. Rf4 Re7 40.
b4 Kd7 41. Re4 Rf7 42. f3 Re7 43. Rxe7+ Kxe7 44. Ke4 Ke6 45. c4 Kf6 46. f4 Ke6
47. f5+ Kf6 48. Kf4 h6 49. g3 Kf7 50. g5 hxg5+ 51. Kxg5 d5 52. cxd5 cxd5 53.
Kf4 Kf6 54. g4 d4 55. g5+ Ke7 56. Ke4 d3 57. Kxd3 Kd6 58. Kd4 Ke7 59. Ke5 Kf7
60. f6 gxf6+ 61. gxf6 Ke8 62. Ke6 Kf8 63. f7 Kg7 64. Ke7 Kg6 65. f8=Q b5 66.
axb6 a5 67. bxa5 Kg5 68. Ke6 Kg4 69. Ke5 Kg3 70. b7 Kg4 71. Qf4+ Kh3 72. Qg5
Kh2 73. Kf4 Kh1 74. Kf3 Kh2 75. Qg2# 1-0

[Event "Russian Championship G13 1st league 2016"]
[Site "Loo"]
[Date "2016.04.22"]
[Round "3.38"]
[White "Khannanova, Lina"]
[Black "Pripisnova, Aleksandra"]
[Result "1/2-1/2"]
[WhiteElo "1400"]
[BlackElo "1263"]
[PlyCount "81"]
[EventDate "2016.04.20"]

1. e4 e5 2. Nf3 Nf6 3. Nxe5 d6 4. Nf3 Nxe4 5. Qe2 Qe7 6. Nc3 Nxc3 7. dxc3 Qxe2+
8. Bxe2 Nc6 9. Bf4 Bf5 10. O-O-O O-O-O 11. Rhe1 g6 12. Bg5 Re8 13. Bc4 Be6 14.
Bf6 Bh6+ 15. Kb1 Bxc4 16. Bxh8 Rxh8 17. Nd4 Nxd4 18. cxd4 Bg5 19. d5 b6 20. Re4
Ba6 21. Rde1 Bb5 22. h4 f5 23. Rd4 Bf6 24. Rb4 Bd7 25. g3 a5 26. Rb3 Kb7 27.
Rf3 Re8 28. Rxe8 Bxe8 29. Kc1 c6 30. dxc6+ Kxc6 31. c3 Kd5 32. Kd2 Bf7 33. b3
Ke4 34. Re3+ Kd5 35. Rd3+ Kc5 36. f4 h6 37. Re3 g5 38. hxg5 hxg5 39. Rf3 gxf4
40. gxf4 Kd5 41. Kd3 1/2-1/2

[Event "Russian Championship G13 1st league 2016"]
[Site "Loo"]
[Date "2016.04.22"]
[Round "3.39"]
[White "Bronnikova, Ekaterina"]
[Black "Ustinovitch, Angelina"]
[Result "1/2-1/2"]
[WhiteElo "1360"]
[BlackElo "1206"]
[PlyCount "49"]
[EventDate "2016.04.20"]

1. e4 c5 2. Nf3 d6 3. d4 cxd4 4. Nxd4 Nf6 5. Nc3 a6 6. Be2 e5 7. Nf3 Be7 8. O-O
O-O 9. Be3 b5 10. a3 Bb7 11. Bd3 Nbd7 12. Qe2 Qc7 13. Rfd1 Rac8 14. Rac1 Nc5
15. Bxc5 Qxc5 16. Re1 Qc7 17. h3 Qd7 18. Qe3 Nh5 19. Ne2 Rc7 20. Ng3 Nf4 21.
Ne2 Nh5 22. Ng3 Nf4 23. Ne2 Nh5 24. Ng3 Nf4 25. Ne2 1/2-1/2

[Event "Russian Championship G13 1st league 2016"]
[Site "Loo"]
[Date "2016.04.22"]
[Round "3.41"]
[White "Belozerova, Olga"]
[Black "Butko, Anna"]
[Result "0-1"]
[WhiteElo "1057"]
[BlackElo "1313"]
[PlyCount "115"]
[EventDate "2016.04.20"]

1. e4 e5 2. Nf3 Nc6 3. Bc4 Nf6 4. Ng5 d5 5. exd5 Na5 6. Bb5+ c6 7. dxc6 bxc6 8.
Be2 h6 9. Nf3 e4 10. Ne5 Bd6 11. Nc4 Nxc4 12. Bxc4 O-O 13. O-O Qc7 14. h3 Re8
15. Nc3 Be6 16. Bxe6 Rxe6 17. Re1 Rae8 18. d3 exd3 19. Rxe6 Rxe6 20. cxd3 Bc5
21. Bd2 Qg3 22. Qf3 Qxf3 23. gxf3 Rd6 24. Ne4 Nxe4 25. fxe4 Rxd3 26. Bc3 Rxh3
27. Rc1 Rg3+ 28. Kf1 Rf3 29. Rc2 Kh7 30. Bxg7 Rxf2+ 31. Rxf2 Bxf2 32. Kxf2 Kxg7
33. Ke3 Kg6 34. Kf4 f6 35. e5 fxe5+ 36. Kxe5 h5 37. Kf4 a6 38. Kg3 Kg5 39. Kg2
Kg4 40. Kh2 h4 41. Kg2 h3+ 42. Kg1 Kg3 43. Kh1 a5 44. Kg1 Kf3 45. Kh2 Ke3 46.
Kxh3 Kd2 47. Kg4 Kc2 48. b3 Kb2 49. Kf5 Kxa2 50. Ke6 Kxb3 51. Kd6 a4 52. Kxc6
a3 53. Kd6 a2 54. Ke5 a1=Q+ 55. Ke4 Qd1 56. Ke5 Kc4 57. Ke4 Qe2+ 58. Kf5 0-1

[Event "Russian Championship G13 2016"]
[Site "Loo"]
[Date "2016.04.22"]
[Round "3.1"]
[White "Nasyrova, Ekaterina"]
[Black "Sovina, Maria"]
[Result "0-1"]
[WhiteElo "2060"]
[BlackElo "1605"]
[PlyCount "72"]
[EventDate "2016.04.20"]

1. d4 Nf6 2. c4 e6 3. Nc3 Bb4 4. Bg5 c5 5. d5 b5 6. cxb5 exd5 7. e3 h6 8. Bh4
Bb7 9. Nf3 a6 10. a4 g5 11. Bg3 O-O 12. Be2 axb5 13. Bxb5 d4 14. exd4 Re8+ 15.
Kf1 Nc6 16. h3 cxd4 17. Nxd4 Bxc3 18. bxc3 Ne4 19. Qd3 Qf6 20. Kg1 Ne5 21. Bxe5
Rxe5 22. Rf1 Rc8 23. c4 Qf4 24. Nf3 Nc5 25. Qd6 Bxf3 26. gxf3 Rce8 27. Kg2 R8e6
28. Qd1 Re2 29. Re1 Rd2 30. Qa1 Rd3 31. Re3 Rdxe3 32. fxe3 Rxe3 33. Qd1 Rd3 34.
Qe1 Qxf3+ 35. Kh2 Qxh3+ 36. Kg1 Rg3+ 0-1

[Event "Russian Championship G13 2016"]
[Site "Loo"]
[Date "2016.04.22"]
[Round "3.2"]
[White "Baisheva, Nyurguiaana"]
[Black "Garifullina, Leya"]
[Result "0-1"]
[WhiteElo "1603"]
[BlackElo "1897"]
[PlyCount "82"]
[EventDate "2016.04.20"]

1. e4 e6 2. d4 d5 3. exd5 exd5 4. Nf3 Nc6 5. Bb5 Bd6 6. Nc3 Nge7 7. O-O Bg4 8.
Re1 O-O 9. Bxc6 bxc6 10. Bg5 f6 11. Bh4 Rb8 12. Rb1 Nf5 13. Bg3 Bxf3 14. gxf3
Qd7 15. Qd3 Rfe8 16. Ne2 Re7 17. b3 Rbe8 18. Qd2 Re6 19. c3 Qf7 20. Bxd6 cxd6
21. Nf4 Nh4 22. Kf1 Nxf3 23. Qd3 Rxe1+ 24. Rxe1 Nxe1 25. Qg3 Qe7 26. h4 Qe4 27.
Kg1 Qf3 28. Qxf3 Nxf3+ 29. Kg2 Nxh4+ 30. Kg3 g5 31. Nh5 Kf7 32. f4 Kg6 33. fxg5
Kxh5 34. gxf6 Rf8 35. c4 Rxf6 36. cxd5 cxd5 37. b4 Rf3+ 38. Kh2 Kg4 39. Kg1 Kg3
40. b5 Rf2 41. a4 Nf3+ 0-1

[Event "Russian Championship G13 2016"]
[Site "Loo"]
[Date "2016.04.22"]
[Round "3.3"]
[White "Kutyanina, Mariya"]
[Black "Bodnaruk, Kseniya"]
[Result "0-1"]
[WhiteElo "1809"]
[BlackElo "1591"]
[PlyCount "128"]
[EventDate "2016.04.20"]

1. e4 e5 2. Nf3 Nc6 3. Bc4 Bc5 4. O-O d6 5. c3 Nf6 6. d3 h6 7. h3 O-O 8. Re1 a6
9. Bb3 b5 10. Nbd2 Bb7 11. Nf1 Kh7 12. Ng3 Bc8 13. a3 Be6 14. Bc2 Bb6 15. d4
Bd7 16. Be3 Qe7 17. d5 Nd8 18. Bxb6 cxb6 19. Nh2 Kg8 20. Ngf1 Nh7 21. Nf3 Ng5
22. Nxg5 Qxg5 23. Re3 f5 24. Rg3 Qe7 25. exf5 Bxf5 26. Bxf5 Rxf5 27. Ne3 Rf8
28. Qg4 Qf6 29. Rf1 Nf7 30. h4 Ra7 31. Qh5 Kh7 32. Ng4 Qe7 33. Qf5+ Kh8 34. Qh5
Kh7 35. Ne3 Qf6 36. Qg4 Nh8 37. Rf3 Qd8 38. Qe4+ Kg8 39. Rxf8+ Qxf8 40. Qf5
Qxf5 41. Nxf5 Nf7 42. f4 g6 43. Ng3 exf4 44. Rxf4 Re7 45. Ne4 Kg7 46. Nf6 Ne5
47. b3 g5 48. hxg5 hxg5 49. Rf1 Kg6 50. Ne4 Nf7 51. Rf6+ Kg7 52. Re6 Kf8 53.
Nxd6 Rxe6 54. dxe6 Nxd6 55. Kh2 Ke7 56. Kg3 Kxe6 57. Kg4 Kf6 58. Kf3 Kf5 59.
g4+ Ke5 60. Ke3 Nb7 61. c4 bxc4 62. bxc4 Nc5 63. Kd2 Kd4 64. Kc2 Kxc4 0-1

[Event "Russian Championship G13 2016"]
[Site "Loo"]
[Date "2016.04.22"]
[Round "3.4"]
[White "Erokhova, Violetta"]
[Black "Gibadullina, Rajana"]
[Result "0-1"]
[WhiteElo "1618"]
[BlackElo "1569"]
[PlyCount "52"]
[EventDate "2016.04.20"]

1. e4 c5 2. Nc3 Nc6 3. g3 h5 4. h3 d6 5. Bg2 Nf6 6. d3 g6 7. Be3 a6 8. Qd2 Bg7
9. Nge2 Bd7 10. O-O-O b5 11. e5 b4 12. Na4 Nxe5 13. Bxa8 Qxa8 14. d4 Nc4 15.
Nb6 Nxb6 16. dxc5 dxc5 17. Bxc5 Ne4 18. Qxb4 Nxc5 19. Qxc5 Bxb2+ 20. Kb1 Na4
21. Qb4 O-O 22. f3 Rb8 23. Qc4 Bb5 24. Qb3 Bxe2 25. Qxa4 Bxd1 26. Rxd1 Qxf3 0-1